000
00284nam a22001217a 4500
008
181012b xxu||||| |||| 00| 0 eng d
041
_a
eng
080
_a
611
100
_a
7
101
_a
ANA
245
_a
Pathologic Physiology: Mechanisms of Disease
_c
Sodeman,W.A
942
_2
udc
_c
BK
999
_c
49499
_d
49499